00343nam a2200109Ia 4500008004100000041000800041100001700049245009100066260003700157300000800194700003100202250110s9999 xx 000 0 und d aeng aShukla Anika aAagaz Residential Educational And Work Centre For Women And Orphans At Valjiri Village bFinal Year B.Arch ID, Punec2014 a75p aGuide Name:Murugkar Kavita